000 00338nam a2200133Ia 4500
008 151001s9999||||xx |||||||||||||| ||und||
100 _aउमेश भारद्वाज
245 _aनयी रोशनी
250 _a1
260 _bअपराजिता
260 _c2008
300 _a144
365 _b21
999 _c992661
_d992658